Sexuality concerns of young persons with physically disability (Record no. 1715241)

MARC details
000 -LEADER
fixed length control field 00489nam a22001697a 4500
005 - DATE AND TIME OF LATEST TRANSACTION
control field 20260312131203.0
008 - FIXED-LENGTH DATA ELEMENTS--GENERAL INFORMATION
fixed length control field 260312b |||||||| |||| 00| 0 eng d
037 ## - SOURCE OF ACQUISITION
Terms of availability DSWL
040 ## - CATALOGING SOURCE
Original cataloging agency DSWL
Transcribing agency DSWL
041 ## - LANGUAGE CODE
Language code of original eng
100 ## - MAIN ENTRY--PERSONAL NAME
Personal name Adhikari, Anju
9 (RLIN) 1131859
245 ## - TITLE STATEMENT
Title Sexuality concerns of young persons with physically disability
260 ## - PUBLICATION, DISTRIBUTION, ETC.
Place of publication, distribution, etc. Delhi,
Name of publisher, distributor, etc. Department of Social Work,
Date of publication, distribution, etc. 2015
300 ## - PHYSICAL DESCRIPTION
Extent 343p
942 ## - ADDED ENTRY ELEMENTS (KOHA)
Source of classification or shelving scheme Colon Classification (CC)
Koha item type Thesis
Suppress in OPAC No

No items available.

Copyright @ Delhi University Library System